| 000 | 00364nam a2200145Ia 4500 | ||
|---|---|---|---|
| 008 | 230917s9999||||xx |||||||||||||| ||und|| | ||
| 040 |
_e155904 _aMAIN |
||
| 041 | _aEnglish | ||
| 082 | _a005.1 H884D | ||
| 100 | _aHumphrey, Watts S. | ||
| 245 | 2 | _aA discipline for software engineering | |
| 260 |
_aNew Delhi _bPearson _c1995 |
||
| 300 | _a789p p. | ||
| 942 | _cBK | ||
| 999 |
_c152994 _d152994 |
||